Detalles MARC
| 000 -ENCABEZADO |
| Número de control [NR] |
02275 a2200373 4500 |
| 005 - FECHA Y HORA DE LA ÚLTIMA TRANSACCIÓN |
| control field |
20140515105724.0 |
| 008 - DE LONGITUD FIJA DE DATOS DE ELEMENTOS - INFORMACIÓN GENERAL |
| Elementos de longitud fija [NR] |
140226s2009 xx g q mlmul d |
| 040 ## - FUENTE DE CATALOGACION [NR] |
| Agencia de catalogación original [NR] |
CO-BoUCM |
| Idioma de catalogación [NR] |
Español |
| Quien Cataloga |
|
| Quien Clasifica |
|
| 041 ## - CODIGO DE IDIOMA [R] |
| Código de idioma para texto/pista de sonido o título separado [R] |
Inglés |
| 041 ## - CODIGO DE IDIOMA [R] |
| Código de idioma para texto/pista de sonido o título separado [R] |
Español |
| 092 ## - SIGNATURA TOPOGRAFICA LOCAL |
| Número de clasificación local |
DVD 1305 |
| 245 00 - MENCION DE TITULO [NR] |
| Título [NR] |
True blood |
| Mención de responsabilidad, etc. [NR] |
Alan Ball, director |
| Medio físico [NR] |
[DVD] |
| 260 ## - PUBLICACION, DISTRIBUCION, ETC. (PIE DE IMPRENTA) [R] |
| Lugar de publicación, distribución, etc. [R] |
[Lugar desconocido] |
| Nombre del editor, distribuidor, etc. [R] |
Home Box Office (HBO) |
| Fecha de publicación, distribución, etc. [R] |
2009 |
| 300 ## - DESCRIPCION FISICA [R] |
| Extensión [R] |
5 DVD, 300 minutos |
| Otros detalles físicos [NR] |
imagen, sonido, color |
| 500 ## - NOTA GENERAL [R] |
| Nota general [NR] |
SINOPSIS: La serie sigue a Sookie Stackhouse, una camarera que vive en Louisiana, que puede leer la mente de las personas, y cómo su vida da un vuelco cuando el proyecto de ley del vampiro, entra en su lugar de empleo dos años después de los vampiros 'salió del ataúd "en la televisión nacional |
| 505 0# - NOTA DE CONTENIDO CON FORMATO PREESTABLECIDO [R] |
| Nota de contenido con formato preestablecido [NR] |
Disco 1. -- Strange love. -- The first taste |
| Mención de responsabilidad [R] |
Ball, Alan. -- Winant, Scott |
| 505 0# - NOTA DE CONTENIDO CON FORMATO PREESTABLECIDO [R] |
| Nota de contenido con formato preestablecido [NR] |
Disco 2. -- Mine. -- Escape from dragon house |
| Mención de responsabilidad [R] |
Ball, Alan. -- Buckner, Brian. -- Dahl, John. -- Lehmann, Michael |
| 505 0# - NOTA DE CONTENIDO CON FORMATO PREESTABLECIDO [R] |
| Nota de contenido con formato preestablecido [NR] |
Disco 3. -- Sparks fly out. -- Cold ground. -- Burning house of love |
| Mención de responsabilidad [R] |
Woo., Alexander. -- Minahan, Daniel. -- Tucker, Raelle. -- Gomez, Nick. -- Offutt, Chris. -- Siega, Marcos |
| 505 0# - NOTA DE CONTENIDO CON FORMATO PREESTABLECIDO [R] |
| Nota de contenido con formato preestablecido [NR] |
Disco 4. -- The fourth man in the fire. -- Plaisir d´Amour. -- I don´t wanna know |
| Mención de responsabilidad [R] |
Woo., Alexander. -- Lehmann, Michael. -- Buckner, Brian. -- Hemingway, Anthony M. -- Offutt, Chris. -- Winant, Scott |
| 505 0# - NOTA DE CONTENIDO CON FORMATO PREESTABLECIDO [R] |
| Nota de contenido con formato preestablecido [NR] |
Disco 5. -- To love is to bury. -- You´ll be the death of me |
| Mención de responsabilidad [R] |
Oliver, Nancy. -- Tucker, Raelle. -- Ball, Alan |
| 508 ## - NOTA DE CREDITOS DE CREACION/PRODUCCION [R] |
| Nota de créditos de creación/producción [NR] |
CRÉDITOS: Dirigida por Alan Ball; música por Nathan Barr; diseño de producción Suzuki Ingerslev; dirección de arte Catherine Smith |
| 546 ## - NOTA DE IDIOMA [R] |
| Nota de idioma [NR] |
Audio en inglés, español y francés. Subtítulos en inglés, español, francés y portugués |
| 650 #7 - ASIENTO SECUNDARIO DE MATERIA - TERMINO TEMATICO [R] |
| Término temático o nombre geográfico como elemento de entrada [NR] |
Drama |
| Subdivisión de forma [R] |
DVD |
| 9 (RLIN) |
57413 |
| 650 #7 - ASIENTO SECUNDARIO DE MATERIA - TERMINO TEMATICO [R] |
| Término temático o nombre geográfico como elemento de entrada [NR] |
Misterio |
| Subdivisión de forma [R] |
DVD |
| 9 (RLIN) |
57414 |
| 650 #7 - ASIENTO SECUNDARIO DE MATERIA - TERMINO TEMATICO [R] |
| Término temático o nombre geográfico como elemento de entrada [NR] |
Programas de televisión |
| Subdivisión geográfica [R] |
Estados Unidos |
| Subdivisión de forma [R] |
DVD |
| 9 (RLIN) |
57409 |
| 650 #7 - ASIENTO SECUNDARIO DE MATERIA - TERMINO TEMATICO [R] |
| Término temático o nombre geográfico como elemento de entrada [NR] |
Teleseries |
| Subdivisión de forma [R] |
DVD |
| 9 (RLIN) |
57415 |
| 650 #7 - ASIENTO SECUNDARIO DE MATERIA - TERMINO TEMATICO [R] |
| Término temático o nombre geográfico como elemento de entrada [NR] |
Terror |
| Subdivisión de forma [R] |
DVD |
| 9 (RLIN) |
57416 |
| 650 #7 - ASIENTO SECUNDARIO DE MATERIA - TERMINO TEMATICO [R] |
| Término temático o nombre geográfico como elemento de entrada [NR] |
Vampiros |
| Subdivisión de forma [R] |
DVD |
| 9 (RLIN) |
57417 |
| 690 ## - ASUNTO AGREGADO LOCAL DE ENTRADA - TÉRMINO TEMÁTICO (OCLC, RLIN) |
| 9 (RLIN) |
42805 |
| Acceso temático local |
Entretenimiento |
| 700 1# - ASIENTO SECUNDARIO - NOMBRE PERSONAL [R] |
| Nombre personal [NR] |
Ball, Alan |
| Término de relación [R] |
director |
| 9 (RLIN) |
57352 |
| 710 2# - ASIENTO SECUNDARIO - NOMBRE CORPORATIVO [R] |
| Nombre corporativo o de jurisdicción como elemento de entrada [NR] |
Home Box Office (HBO |
| 9 (RLIN) |
56766 |
| 710 2# - ASIENTO SECUNDARIO - NOMBRE CORPORATIVO [R] |
| Nombre corporativo o de jurisdicción como elemento de entrada [NR] |
Your Face Goes Here Entertainment |
| 9 (RLIN) |
57353 |
| 942 ## - ELEMENTOS DE ENTRADA AGREGADOS (KOHA) |
| Sistema de clasificación |
LOCAL |
| Tema principal |
Entretenimiento |
| Tipo de ítem principal el descrito en 300a |
Multimedia |
| Edición |
1 |
| Clasificación |
DVD 1305 |